5HLuxD.jpg

KING HENRY VIII SENIOR AND PRIMARY SCHOOL LIBRARY OPAC

Global economic history : (Record no. 241)

000 -LEADER
fixed length control field 02787cam a2200349 i 4500
001 - CONTROL NUMBER
control field vtls002157039
003 - CONTROL NUMBER IDENTIFIER
control field VRT
005 - DATE AND TIME OF LATEST TRANSACTION
control field 20190802102858.0
008 - FIXED-LENGTH DATA ELEMENTS--GENERAL INFORMATION
fixed length control field 180309s2011 enka b 001 0 eng d
010 ## - LIBRARY OF CONGRESS CONTROL NUMBER
LC control number 2011-410493
020 ## - INTERNATIONAL STANDARD BOOK NUMBER
International Standard Book Number 9780199596652
Qualifying information (paperback) :
020 ## - INTERNATIONAL STANDARD BOOK NUMBER
International Standard Book Number 0199596654
Qualifying information (paperback)
035 ## - SYSTEM CONTROL NUMBER
System control number (OCoLC)ocn726821252
040 ## - CATALOGING SOURCE
Original cataloging agency BTCTA
Language of cataloging eng
Transcribing agency DLC
Modifying agency BTCTA
-- YDXCP
-- UKMGB
-- ITJCU
-- VP@
-- BWX
-- IUL
-- NTE
-- CUD
-- DEBBG
-- BDX
-- FDA
-- VRC
-- A7U
-- MOF
-- OCLCF
-- ZCU
-- OCLCQ
-- BEDGE
-- OCLCQ
-- CNGUL
-- OCLCO
-- WAU
-- OCLCQ
-- EUM
-- LIP
-- CVM
-- SFR
-- ERL
-- DHA
-- OCLCQ
-- TKU
Description conventions rda
042 ## - AUTHENTICATION CODE
Authentication code nbic
082 ## - DEWEY DECIMAL CLASSIFICATION NUMBER
Classification number 330.9 ALL
100 1# - MAIN ENTRY--PERSONAL NAME
Personal name Allen, Robert C.,
Dates associated with a name 1947-
Relator term author
245 10 - TITLE STATEMENT
Title Global economic history :
Remainder of title a very short introduction /
Statement of responsibility, etc. Robert C. Allen.,
264 #1 - PRODUCTION, PUBLICATION, DISTRIBUTION, MANUFACTURE, AND COPYRIGHT NOTICE
Place of production, publication, distribution, manufacture Oxford :
Name of producer, publisher, distributor, manufacturer Oxford University Press,
Date of production, publication, distribution, manufacture, or copyright notice 2011.
300 ## - PHYSICAL DESCRIPTION
Extent xiv, 170 pages :
Other physical details illustrations ;
Dimensions 18 cm.
336 ## - CONTENT TYPE
Content type term text
Content type code txt
Source rdacontent.
337 ## - MEDIA TYPE
Media type term unmediated
Media type code n
Source rdamedia.
338 ## - CARRIER TYPE
Carrier type term volume
Carrier type code nc
Source rdacarrier.
490 1# - SERIES STATEMENT
Series statement Very short introductions ;
Volume/sequential designation 282.
504 ## - BIBLIOGRAPHY, ETC. NOTE
Bibliography, etc. note Includes bibliographical references (pages 154-162) and index.
505 0# - FORMATTED CONTENTS NOTE
Formatted contents note The great divergence -- The rise of the West -- The Industrial Revolution -- The ascent of the rich -- The great empires -- The Americas -- Africa -- The standard model and late industrialization -- Big Push industrialization.
520 ## - SUMMARY, ETC.
Summary, etc. Why are some countries rich and others poor? In 1500, global income differences were small, but disparities have grown dramatically since Columbus reached America. In this Very Short Introduction, Robert C. Allen shows how the interplay of geography, globalization, technological change, and economic policy has determined the wealth and poverty of nations. Allen shows how the industrial revolution was Britain's path-breaking response to the challenge of globalization. Western Europe and North America joined Britain to form a club of rich nations, pursuing four policies--creating a national market by abolishing internal tariffs and investing in transportation, erecting an external tariff to protect their fledgling industries from British competition, creating banks to stabilize the currency and mobilize domestic savings for investment, and promoting mass education to prepare people for industrial work. Together these countries pioneered new technologies that have made them ever richer. A few countries--Japan, Soviet Russia, South Korea, Taiwan, and perhaps China--have caught up with the West through creative responses to the technological challenge and with Big Push industrialization that has achieved rapid growth through coordinated investment. -- Book Description.
650 #0 - SUBJECT ADDED ENTRY--TOPICAL TERM
Topical term or geographic name entry element Economic history.
650 #0 - SUBJECT ADDED ENTRY--TOPICAL TERM
Topical term or geographic name entry element Economic indicators.
830 #0 - SERIES ADDED ENTRY--UNIFORM TITLE
Uniform title Very short introductions ;
Volume/sequential designation 282.
942 ## - ADDED ENTRY ELEMENTS (KOHA)
Source of classification or shelving scheme
Koha item type Books - Non Ficton
Holdings
Withdrawn status Lost status Source of classification or shelving scheme Damaged status Not for loan Collection code Permanent Location Current Location Shelving location Date acquired Full call number Barcode Date last seen Price effective from Koha item type
          Non-Fiction KH8 Senior School Library KH8 Senior School Library Non Fiction 2019-08-02 330.9 ALL 3KHSL000100138 2019-08-02 2019-08-02 Books - Non Ficton

Powered By KH8 IT Dept